000 00523nam a2200169Ia 4500
008 110201s9999 xx 000 0 und d
082 _bB1489
_aN 41
100 _aबोरकर कमलाकर
245 _aरेशीम धागा
260 _bत्रिदल प्रकाशन
365 _b15
600 _aबोरकर कमलाकर
630 _aरेशीम धागा
700 _aबोरकर कमलाकर
730 _aरेशीम धागा
942 _cBOOK
999 _c828725
_d828722